Transferencia de tecnología agrícola por medio de la migración mexicana /

Gorde:
Xehetasun bibliografikoak
Egile nagusia: Nichols, Sandra
Formatua: Texto
Etiketak: Etiketa erantsi
Etiketarik gabe, Izan zaitez lehena erregistro honi etiketa jartzen!

MARC

LEADER 00000 a a2200000 04500
001 4900
003
040
100 |a Nichols, Sandra  
245 |a Transferencia de tecnología agrícola por medio de la migración mexicana /  |c Sandra Nichols 
773 |g volumen 25, número 1; páginas 27-34  
999 |c 28715  |d 28715